Podpora inovačných aktivít MSP

Inovačná aktivita MSP je kľúčovým faktorom ich ďalšieho rozvoja a konkurencieschopnosti. Podpora inovácií MSP v EÚ, program COSME a Horizont 2020. Podpora inovácií MSP v SR. Štandardizovaný súbor indikátorov, na základe ktorých sa hodnotí inovačná úroveň jednotlivých štátov. Pozícia Slovenska v jedn...

Descrizione completa

Salvato in:
Dettagli Bibliografici
Autore principale: Bukovová, Sylvia, 1959-
Natura: Capitolo di libro
Lingua:slovacco
Soggetti:
Tags: Aggiungi Tag
Nessun Tag, puoi essere il primo ad aggiungerne!!

MARC

LEADER 00000nla a2200000 4500
001 0213041
005 20240527075225.6
041 0 |a slo 
044 |a SK 
245 1 0 |a Podpora inovačných aktivít MSP  |c Sylvia Bukovová 
520 |a Inovačná aktivita MSP je kľúčovým faktorom ich ďalšieho rozvoja a konkurencieschopnosti. Podpora inovácií MSP v EÚ, program COSME a Horizont 2020. Podpora inovácií MSP v SR. Štandardizovaný súbor indikátorov, na základe ktorých sa hodnotí inovačná úroveň jednotlivých štátov. Pozícia Slovenska v jednotlivých indikátoroch v rámci EÚ. Inovačná výkonnosť členských štátov EÚ v roku 2014 hodnotená ukazovateľom SII. Podpora konkurencieschopnosti MSP v SR. 
610 2 0 |a podnik malý 
610 2 0 |a podnik stredný 
610 2 0 |a inovácia 
610 2 0 |a podpora podnikania 
610 2 0 |a výkonnosť inovačná 
610 2 0 |a ukazovatele 
610 2 0 |a konkurencieschopnosť 
610 2 0 |a Európska únia 
610 2 0 |a Slovensko 
100 1 |a Bukovová, Sylvia, 1959-